000 00612nam a2200169Ia 4500
005 20250508154904.0
008 008 250505s9999 xx 000 0 eng d
037 _aBooks to be hide in OPAC
040 _aFEDL
_beng
_cFEDL
041 _aeng
_2eng
084 _a370.58, NAT/O
_qFEDL
245 0 _aMetropolitanism its challenge to education: The sixty-seventh year book of the national society for the study of education. Part 1
260 _aChicago, USA
_bThe National Society for the Study of Eduation
_c1968
300 _axiv,393p.
942 _cHB
_h370.58, NAT/O
999 _c1352640
_d1352640